Callaway County Quiz - Statistics

General Stats
  • This quiz has been taken 5 times
  • The average score is 13 of 20
Answer Stats
Hint Answer % Correct
How many counties border? 6
100%
Current county seat? Fulton
100%
Major Interstate, spanning from Maryland to Utah, that bisects the county? I-70
100%
River forming the southern border of the county? Missouri River
100%
English Prime Minister who gave his "Sinews of Peace" (aka Iron Curtain) speech at Westminster College? Winston Churchill
100%
Year founded? 1820
67%
City just north of that? Auxvasse
67%
First settlement in the region? Cote Sans Dessein
67%
Female sprinter at the 1936 Summer Olympics, "The Fulton Flash"? Helen Stephens
67%
City on Highway 54 before entering Jefferson City? Holts Summit
67%
"City" just north of Fulton? Kingdom City
67%
Nickname of the county? Kingdom of Callaway
67%
Book/movie based on Fulton? Kings Row
67%
City home to a "World's Fair"? Mokane
67%
City just north of that? New Bloomfield
67%
Nickname for residents? Callawegians
33%
Original county seat? Elizabeth
33%
First name of the namesake Captain? James
33%
240-mile state park that runs along the southern border as well? Katy Trail
33%
Major Missouri industry that was second in the nation prior to Prohibition? Wine
33%
No matching quizzes found
Score Distribution
Percent of People with Each Score
Percentile by Number Answered
Your Score History
You have not taken this quiz